000 00699nam a2200229 i 4500
001 114723
003 ES-MaACL
005 20250328063128.0
007 t|
008 070322s1950 sp ||||1| spa d
080 _a929 Suárez, Francisco
100 1 _aAdro Xavier,
_d1910-1998
_918481
245 1 0 _aFrancisco Suárez en la España de su época /
_cAdro Xavier.
250 _a1ª ed.
260 _aMadrid :
_bEdiciones y Publicaciones Españolas,
_c1950.
300 _a332 p., 5 lám. ;
_c21 cm.
490 1 _aFiguras del pasado
600 1 4 _aSuárez, Francisco.
_9108560
830 1 _aFiguras del pasado
_9184575
852 _aES-MaACL
_jD-7703
999 _c114723
_d114723